Housing (Record no. 105351)

MARC details
000 -LEADER
fixed length control field 01207cam a2200181 4500
001 - CONTROL NUMBER
control field ##L133193
008 - FIXED-LENGTH DATA ELEMENTS--GENERAL INFORMATION
fixed length control field 060420n2006 000 0 eng u
035 ## - SYSTEM CONTROL NUMBER
System control number (Sirsi) u133193
041 0# - LANGUAGE CODE
Language code of text/sound track or separate title eng
110 2# - MAIN ENTRY--CORPORATE NAME
Corporate name or jurisdiction name as entry element England and Wales
Subordinate unit Law Commission
9 (RLIN) 3302
245 00 - TITLE STATEMENT
Title Housing
Remainder of title proportionate dispute resolution
-- an issues paper
260 ## - PUBLICATION, DISTRIBUTION, ETC.
Date of publication, distribution, etc. 2006
520 ## - SUMMARY, ETC.
Summary, etc. This issues paper contains proposals for a more coherent system of resolving housing disputes, with the aim of making the process simpler, more effective, fairer and proportionate. It suggests use of a triage plus process, diagnosing individual and wider housing problems, referring them to appropriate resolution methods, and collecting information about how such problems are resolved, use of mediation, ombudsmen or managerial techniques, and, where necessary, of a court or tribunal. The consultation period ends on 11 July 2006.
590 ## - LOCAL NOTE (RLIN)
Local note IKA250406
690 ## - LOCAL SUBJECT ADDED ENTRY--TOPICAL TERM (OCLC, RLIN)
Topical term or geographic name as entry element PROPERTY-RESIDENTIAL PROPERTY-RESIDENTIAL PROPERTY TENURE-LEASEHOLD RESIDENTIAL PROPERTY
856 41 - ELECTRONIC LOCATION AND ACCESS
Uniform Resource Identifier <a href="https://www.justice.gov.uk/lawcommission/docs/Housing_Proportionate_Dispute_Resolution_issues_paper.pdf">https://www.justice.gov.uk/lawcommission/docs/Housing_Proportionate_Dispute_Resolution_issues_paper.pdf</a>
Public note View the item free of charge at www.justice.gov.uk
942 ## - ADDED ENTRY ELEMENTS (KOHA)
Suppress in OPAC 0
Holdings
Withdrawn status Lost status Source of classification or shelving scheme Damaged status Not for loan Home library Current library Shelving location Date acquired Total Checkouts Full call number Barcode Date last seen Copy number Price effective from Koha item type
    Dewey Decimal Classification     Virtual Virtual Online 20/04/2006   ONLINE PUBLICATION 133193-1001 06/08/2019 1 06/08/2019 Book